[Event "GER-ch Net blitz qual3"]
[Site "Playchess.com INT"]
[Date "2020.03.21"]
[Round "9"]
[White "Traetmar, Mattis"]
[Black "Reisberg, Andre"]
[Result "1-0"]
[WhiteElo "2009"]
[BlackElo "2018"]
[PlyCount "67"]
[EventDate "2020.03.21"]
[EventType "swiss (blitz)"]
[EventRounds "9"]
[EventCountry "GER"]
[SourceTitle "CBM 195 Extra"]
[Source "ChessBase"]
[SourceDate "2020.05.31"]
[SourceVersion "1"]
[SourceVersionDate "2020.05.31"]
[SourceQuality "1"]

1. e4 e6 2. d4 d5 3. Nc3 Bb4 4. e5 Bf8 5. Qg4 h5 6. Qg3 Nh6 7. Bd3 c5 8. dxc5 h4 9. Qh3 Bxc5 10. Nf3 Nc6 11. Bg5 Be7 12. Bxe7 Nxe7 13. Qxh4 Bd7 14. 0-0 Bc6 15. Rad1 Qd7 16. b4 b5 17. a4 0-0-0 18. axb5 Bb7 19. Ra1 Nhf5 20. Qf4 g5 21. Nxg5 Rh4 22. Qd2 Rdh8 23. Nf3 R4h6 24. Rxa7 d4 25. Be4 Nd5 26. Nxd5 exd5 27. Bxf5 Qxf5 28. Qxd4 Kb8 29. Rfa1 Rg6 30. Ra8+ Bxa8 31. Qa7+ Kc8 32. Qxa8+ Kc7 33. Ra7+ Kb6 34. Qb7# 1-0

[Event "GER-ch Net blitz qual2"]
[Site "Playchess.com INT"]
[Date "2020.03.16"]
[Round "4"]
[White "Hansch, Karsten"]
[Black "Traetmar, Mattis"]
[Result "1/2-1/2"]
[WhiteElo "2300"]
[BlackElo "2009"]
[PlyCount "116"]
[EventDate "2020.03.16"]
[EventType "swiss (blitz)"]
[EventRounds "9"]
[EventCountry "GER"]
[SourceTitle "CBM 195 Extra"]
[Source "ChessBase"]
[SourceDate "2020.05.31"]
[SourceVersion "1"]
[SourceVersionDate "2020.05.31"]
[SourceQuality "1"]

1. e4 c5 2. Nc3 a6 3. Nge2 b5 4. g3 Bb7 5. Bg2 Nf6 6. 0-0 e6 7. d3 Be7 8. e5 Nd5 9. Nxd5 Bxd5 10. Bxd5 exd5 11. Nf4 d4 12. Nh5 g6 13. Nf6+ Bxf6 14. exf6 Qxf6 15. Re1+ Kd8 16. Qg4 h6 17. Qe4 Nc6 18. Bxh6 Kc7 19. Qf4+ Qxf4 20. Bxf4+ d6 21. a4 b4 22. b3 Rae8 23. h4 Ne5 24. Kg2 Kc6 25. f3 Nd7 26. Rxe8 Rxe8 27. Kf2 Nf6 28. g4 Nd5 29. Bd2 Nc3 30. Bxc3 dxc3 31. h5 gxh5 32. gxh5 Rh8 33. Rh1 Rh6 34. Ke3 d5 35. Kf4 f6 36. Kg4 c4 37. dxc4 dxc4 38. bxc4 Kc5 39. Re1 f5+ 40. Kg5 Rh8 41. h6 Kxc4 42. Kg6 b3 43. cxb3+ Kxb3 44. Kg7 Rd8 45. h7 c2 46. h8Q Rxh8 47. Kxh8 Kxa4 48. Kg7 Kb3 49. Kf6 f4 50. Ke5 Kb2 51. Kxf4 a5 52. Ke4 c1Q 53. Rxc1 Kxc1 54. f4 a4 55. f5 a3 56. f6 a2 57. f7 a1Q 58. f8Q Qa4+ 1/2-1/2